Gran atlas universal : (Registro nro. 223)

Detalles MARC
000 -Cabecera
Campo de control interno 00911nam a2200229Ia 4500
005 - Fecha y hora del registro
control field 20251203123019.0
008 - Elementos de Longitud Fija
fixed length control field 251203t2002||||xx |||||||||||||| ||spa||
020 ## - ISBN
ISBN 9972891100
041 ## - Idioma
Codigo Idioma ESP
082 ## - DEWEY y NOTACIÓN INTERNA
Dewey RT 910
Notación Interna E24
110 ## - AUTOR INSTTITUCIONAL
Autor Institucional Editorial Sol 90
245 #0 - TÍTULO DE MATERIAL BIBLIOGRÁFICO
Título Gran atlas universal :
Título paralelo Tomo 1-10
260 ## - CIUDAD, EDITORIAL, AÑO
Ciudad Barcelona :
Nombre de la Editorial Editorial Sol 90,
Año 2002
300 ## - DESCRIPCIÓN
N° Páginas 120 páginas :
Otros detalles ilustraciones, fotografías, mapas ;
Dimensiones 29 cm.
Material Adicional
440 ## - MENCIÓN DE SERIE
Título de la Serie
Número de Serie
Volumen de Serie
505 ## - TABLA DE CONTENIDO
Tabla de Contenido Contiene: Tomo 1: El mundo. – Tomo 2: América del Sur, Central y la Antártida. – Tomo 3: Perú. – Tomo 4: América del Norte y el Caribe. – Tomo 5: Europa I. – Tomo 6: Europa II. – Tomo 7: África. – Tomo 8: Asia y Oceanía I. – Tomo 9: Asia y Oceanía II. – Tomo 10: Índice toponímico.
650 ## - TEMAS
Temas Geografía
653 ## - DESCRIPTORES
Lenguajes no controlado Descripciones y viajes - Atlas
654 ## - PROGRAMAS
Programa Todos los programas
942 ## - ELEMENTOS DE KOHA
Tipo de documento Libro
Nombre del creador Justo Noguera
Código de catalogador Margarita Torres
Esquema de clasificación Dewey Decimal Classification
Suppress in OPAC
Existencias
Codigo completo Registro Colección Copia número Disponibilidad Tipo de préstamo Biblioteca Actual Procedencia (Biblioteca) Ubicacón Fecha Ingreso Tipo de Adquisición Date last seen Total checkouts Price effective from Tipo de Item Estado del Material Fuente de Clasificación Damaged status Withdrawn status
RT 910 E24 1085094 Colección Vera Bejar 1   Restringido Víctor Andrés Belaunde Víctor Andrés Belaunde Planta baja cerrada 03/12/2025 Donación 03/12/2025   03/12/2025 Libro Bueno Dewey Decimal Classification   Withdrawn